Az iskola-egészségügy és a szűrések fontossága az iskola-egészségügy alapján

Elmentve itt :
Bibliográfiai részletek
Szerző: Ráczné Csepi Szilvia
További közreműködők: Majláthné Lippai Éva (Témavezető)
Dokumentumtípus: Szakdolgozat
Megjelent: 2017
Tárgyszavak:
Online Access:http://diploma.bibl.u-szeged.hu/85294
LEADER 00816nta a2200193 i 4500
001 dipl85294
005 20200515103451.0
008 200515s2017 hu om 0|| hun d
040 |a SZTE Diploma Repozitórium  |b hun 
041 |a hun 
100 2 |a Ráczné Csepi Szilvia 
245 1 3 |a Az iskola-egészségügy és a szűrések fontossága az iskola-egészségügy alapján  |h [elektronikus dokumentum] /  |c Szilvia Ráczné Csepi 
246 1 0 |a Significance of health care and health screening tests at schools  |h [elektronikus dokumentum] 
260 |c 2017 
650 4 |a Jogi és igazgatási tanulmányok 
650 4 |a Health policy and services 
650 4 |a Screening programme 
700 2 |a Majláthné Lippai Éva  |e ths 
856 4 0 |u http://diploma.bibl.u-szeged.hu/id/eprint/85294/1/2017_raczne_csepi_szilvia.pdf  |z Dokumentum-elérés